Les aspirants au titre AEW international - Statistiques

Statistiques générales
  • Ce quiz a été pris 12 fois
    7 depuis la dernière actualisation
  • Le résultat moyen est 34 sur 107
Statistiques - réponses
event Champion Aspirant % Correct
All Out 2023 Orange Cassidy Jon Moxley
100%
Full Gear 2023 Orange Cassidy Jon Moxley
100%
Wrestledream 2024 Will Ospreay Konosuke Takeshita
100%
Double or Nothing 2023 Orange Cassidy Jay White
86%
Dynamite 250 Will Ospreay MJF
86%
Dynamite 155 PAC Orange Cassidy
86%
Dynamite 158 PAC Orange Cassidy
86%
Dynamite 210 Rey Fenix Orange Cassidy
86%
AEW / NJPW Forbidden door 2022 Vacant PAC
86%
All Out 2024 Will Ospreay PAC
86%
Dynamite 161 Orange Cassidy Rey Fenix
86%
Double or Nothing 2023 Orange Cassidy Rey Fenix
86%
Dynamite 207 Jon Moxley Rey Fenix
86%
Dynamite 245 Will Ospreay Rey Fenix
86%
Dynamite 261 Will Ospreay Ricochet
86%
Wrestledream 2024 Will Ospreay Ricochet
86%
Revolution 2024 Orange Cassidy Roderick Strong
86%
Double or Nothing 2024 Roderick Strong Will Ospreay
86%
All In 2024 MJF Will Ospreay
86%
Dynamite 213 Orange Cassidy Claudio Castagnoli
57%
Dynamite 188 Orange Cassidy Daniel Garcia
57%
AEW / NJPW Forbidden Door 2023 Orange Cassidy Daniel Garcia
57%
Dynamite 248 Will Ospreay Daniel Garcia
57%
Double or Nothing 2023 Orange Cassidy Swerve Strickland
57%
Dynamite 192 Orange Cassidy Swerve Strickland
57%
Double or Nothing 2023 Orange Cassidy Brian Cage
43%
Collision 50 Will Ospreay Brian Cage
43%
Double or Nothing 2023 Orange Cassidy Dustin Rhodes
43%
Double or Nothing 2023 Orange Cassidy Juice Robinson
43%
Rampage 65 Orange Cassidy Katsuyori Shibata
43%
AEW / NJPW Forbidden Door 2023 Orange Cassidy Katsuyori Shibata
43%
Double or Nothing 2023 Orange Cassidy Keith Lee
43%
Dynamite 161 Orange Cassidy Luchasaurus
43%
AEW / NJPW Forbidden door 2022 Vacant Malakai Black
43%
Double or Nothing 2023 Orange Cassidy Penta El zero Miedo
43%
Dynamite 204 Orange Cassidy Penta El zero Miedo
43%
Dynamite 177 Orange Cassidy Wheeler Yuta
43%
Dynamite 202 Orange Cassidy Wheeler Yuta
43%
Dynamite 184 Orange Cassidy Buddy Matthews
29%
AEW / NJPW Forbidden door 2022 Vacant Clark Connors
29%
MLP Forged in excellence - Tag 2 Konosuke Takeshita Josh Alexander
29%
Dynasty Roderick Strong Kyle O'reilly
29%
Collision 47 Will Ospreay Kyle O'reilly
29%
Battle of the belts VII Orange Cassidy Lance Archer
29%
AEW / NJPW Forbidden door 2022 Vacant Miro
29%
Dynamite 209 Rey Fenix Nick Jackson
29%
Dynamite 230 Orange Cassidy Nick Wayne
29%
Rampage 63 Orange Cassidy Ten
29%
Collision 34 Orange Cassidy Tomohiro Ishii
29%
Battle of the belts IV PAC Trent Beretta
29%
Rampage 73 Orange Cassidy Trent Beretta
29%
Double or Nothing 2023 Orange Cassidy Trent Beretta
29%
Rampage 107 Orange Cassidy Aaron Solo
14%
Collision 13 Jon Moxley Action Andretti
14%
Double or Nothing 2023 Orange Cassidy Ari Daivari
14%
Collision 27 Orange Cassidy Bryan Keith
14%
Double or Nothing 2023 Orange Cassidy Chuck Taylor
14%
Dynamite 222 Orange Cassidy Dante Martin
14%
Dynamite 164 Orange Cassidy Jake Hager
14%
Dynamite 172 Orange Cassidy Jay Lethal
14%
Dynamite 179 Orange Cassidy Jay Lethal
14%
Dynamite 180 Orange Cassidy Jeff Jarrett
14%
Dynamite 208 Rey Fenix Jeff Jarrett
14%
Rampage 105 Orange Cassidy Johnny TV
14%
All Out 2022 PAC Kip Sabian
14%
Battle of the belts V Orange Cassidy Kip Sabian
14%
Double or Nothing 2023 Orange Cassidy Kip Sabian
14%
Double or Nothing 2023 Orange Cassidy Komander
14%
Collision 32 Orange Cassidy Komander
14%
Dynamite 190 Orange Cassidy Kyle Fletcher
14%
RevPro Summer Sizzler 2024 MJF Michael Oku
14%
Battle of the belts IX Orange Cassidy Preston Vance
14%
Rampage 69 Orange Cassidy QT Marshall
14%
Double or Nothing 2023 Orange Cassidy Ricky Starks
14%
Rampage 124 Orange Cassidy Rocky Romero
14%
Rampage 63 Orange Cassidy Rush
14%
CMLL Super Viernes MJF Templario
14%
Double or Nothing 2023 Orange Cassidy The Blade
14%
Dynamite 182 Orange Cassidy The Butcher
14%
Double or Nothing 2023 Orange Cassidy The Butcher
14%
NJPW Fighting Spirit Unleashed 2024 Konosuke Takeshita TJP
14%
Double or Nothing 2023 Orange Cassidy Tony Nese
14%
Rampage 70 Orange Cassidy Trent Seven
14%
AEW / NJPW Forbidden Door 2023 Orange Cassidy Zack Sabre Jr
14%
Rampage 122 Orange Cassidy Angelico
0%
Dynamite 199 Orange Cassidy AR Fox
0%
Dynamite 205 Jon Moxley AR Fox
0%
Dynamite 186 Orange Cassidy Bandido
0%
Double or Nothing 2023 Orange Cassidy Bandido
0%
Dynamite 178 Orange Cassidy Big Bill
0%
Double or Nothing 2023 Orange Cassidy Big Bill
0%
Dynamite 206 Jon Moxley Big Bill
0%
RevPro High Stakes 2024 Orange Cassidy Cameron Khai
0%
RevPro Summer Sizzler 2022 PAC Connor Mills
0%
Battle of the belts VI Orange Cassidy Dralistico
0%
RevPro High Stakes 2024 Orange Cassidy Flash Morgan Webster
0%
NJPW Collision in Philadelphia Orange Cassidy Gabriel Kidd
0%
Battle of the Belts VIII Orange Cassidy John Silver
0%
Rampage 66 Orange Cassidy Lee Johnson
0%
Rampage 79 Orange Cassidy Lee Moriarty
0%
Double or Nothing 2023 Orange Cassidy Lee Moriarty
0%
OTT Poetry Slam PAC LJ Cleary
0%
RevPro High Stakes 2024 Orange Cassidy Richard Holliday
0%
RevPro High Stakes 2024 Orange Cassidy Sha Samuels
0%
RevPro High Stakes 2024 Orange Cassidy Shigehiro Irie
0%
RevPro Live in Sheffield PAC Shota Umino
0%
RevPro High Stakes 2024 Orange Cassidy Spike Trivet
0%
Aucun quiz correspondant
Distribution des résultats
% des personnes avec chaque résultat
Percentile par nombre de réponses
Votre historique - résultats
Vous n’avez pas pris ce quiz depuis la dernière actualisation